Pripomíname si [k 70. výročiu narodenia spisovateľa, kritika a publicistu Dobroslava Chrobáka]

Bibliographic Details
Main Author: Baranovič, M. (Author)
Format: Article
Language:Slovak
Subjects:

MARC

LEADER 00000nab a2200000 a 4500
001 vtls008934406
003 SK-MaSNL
005 20260303070608.0
008 060206 19770216xo d 000 0 slo
015 |a SNBRB1977 
040 |a SNKBUCL  |b slo  |c SNKBUCL  |e AACR2 
041 0 |a slo 
044 |a xo  |c SK 
080 |a 82:929:821.162.4  |2 2001 
080 |a 929:821.162.4  |2 2001 
080 |a 821.162.4  |2 2001 
080 |a 929 Chrobák, Dobroslav  |2 2001 
100 1 |a Baranovič, M.  |4 aut  |9 501234 
245 1 0 |a Pripomíname si  |b [k 70. výročiu narodenia spisovateľa, kritika a publicistu Dobroslava Chrobáka]  |c M. Baranovič 
600 1 7 |a Chrobák, Dobroslav,  |d 1907-1951   |2 snkbucl  |9 104678 
773 0 |t Ľud  |g 16.2.1977, s. 5 
958 |a BX 
958 |a LX 
999 |c 1756056  |d 1757986